01268nas a2200277Ia 4500001001100000003000900011008004100020040001300061040001300074041001300087100003800100210002400138222002400162245007900186250001100265260002200276501008600298300001000384310001600394362003100410500026000441650004800701942000700749999001900756952021500775R704/49379IT-RoPAU151124c99999999xx |||||||||||| ||und|| aIT-RoPAU cIT-RoPAU aFRANCESE aAA.VV. gCodice Aut. SPICS: 12000 aSEMIOTIQUE ET BIBLE aSemiotique Et Bible aSEMIOTIQUE & BIBLE, N.017-MARZO 1980bSemiotique & Bible, N.017-Marzo 1980 a1a ed. aLYONbCADIRc1980 bPaulus - SPICS - Società San Paolo EM (non-commercial uses only)cCopyright2015 a48 p. aTRIMESTRALE aANNO 006, N.017-MARZO 1980 aSemiotica e Bibbia. Elementi di Analisi dei Testi di Commentari, Discorso Didattico del Commentario, Funzione del Commentario. Commentario della Lettera Agli Ebrei. Percorso del Capitolo Primo della Lettera di San Giacomo: Organizzazione Narrativa, Osserv aSEMIOTICA - BIBBIAvPUBBLICAZIONE PERIODICA cCR c119718d119718 0010406R_704_49379000000000071aSPICSbSPICSd2015-11-25l0oR704/49379r2015-11-25 00:00:00w2015-11-25yCRzProgr. Ins: 91727 / Copia rara: NO / date import: 25.11.2015 / By Epidotti, Trombetti, Vaglietti